000 00473nam a22001817a 4500
003 OSt
008 240408b |||||||| |||| 00| 0 eng d
020 _a9789354244773
082 _a658.0072
100 _aBOUGIE, Roger and SEKARAN, Uma
245 _aResearch Methods for Business - A Skill - Building Approach
250 _a8th. ed,
260 _aNew Delhi,
_bWiley
_c2024
300 _a481 p.
650 _aCommerce
700 _aSRIVASTAVA, Mala
942 _2ddc
_cREF
999 _c12402
_d12402